All NBA and WNBA hall of famers - Statistics

General Stats
  • This quiz has been taken 257 times
  • The average score is 39 of 178
Answer Stats
Year Answer % Correct
2009 Michael Jordan
89%
1998 Larry Bird
78%
2002 Magic Johnson
77%
2010 Dennis Johnson
73%
1975 Bill Russell
72%
2010 Gus Johnson
72%
1977 William Johnson
72%
2016 Shaquille O'Neal
71%
1964 John Russell
69%
1979 Wilt Chamberlain
68%
2010 Scottie Pippen
67%
2009 David Robinson
64%
2000 Isiah Thomas
64%
1980 Jerry West
64%
2010 Karl Malone
63%
2001 Moses Malone
61%
2011 Dennis Rodman
59%
2009 John Stockton
59%
1980 Oscar Robertson
59%
2006 Charles Barkley
58%
1995 Kareem Abdul-Jabbar
58%
2016 Allen Iverson
57%
1971 Bob Cousy
57%
2008 Hakeem Olajuwon
57%
1993 Julius Erving
55%
1999 Kevin McHale
54%
2008 Patrick Ewing
54%
1959 George Mikan
51%
2004 Clyde Drexler
49%
2003 James Worthy
48%
1989 K.C. Jones
48%
2012 Reggie Miller
48%
1984 Sam Jones
48%
1995 Cheryl Miller
47%
2003 Robert Parish
46%
1977 Elgin Baylor
44%
2006 Joe Dumars
44%
1993 Bill Walton
43%
2013 Gary Payton
43%
1984 John Havlicek
43%
1971 Bob Pettit
42%
2016 Yao Ming
42%
2006 Dominique Wilkins
41%
1996 George Gervin
40%
1987 Walt Frazier
40%
1988 Wes Unseld
40%
2011 Chris Mullin
39%
1982 Willis Reed
39%
1996 David Thompson
38%
1962 John Thompson
38%
1987 Pete Maravich
38%
1987 Rick Barry
35%
2000 Bob McAdoo
34%
2014 Alonzo Mourning
33%
1991 Dave Cowens
33%
1990 Elvin Hayes
33%
1997 Alex English
32%
2015 Dikembe Mutombo
32%
2015 Jo Jo White
30%
1991 Nate Archibald
30%
1992 Nera White
30%
1973 Dolph Schayes
27%
2013 Bernard King
24%
1990 Earl Monroe
24%
2015 Lisa Leslie
24%
2008 Adrian Dantley
21%
2011 Artis Gilmore
21%
1992 Bob Lanier
21%
1996 Gail Goodrich
20%
1980 Jerry Lucas
20%
1985 Nate Thurmond
20%
1982 Hal Greer
19%
1986 Billy Cunningham
18%
2013 Roger Brown
18%
1983 Bill Bradley
17%
1990 Dave Bing
17%
1989 Lenny Wilkens
17%
1978 Paul Arizin
17%
1986 Tom Heinsohn
17%
2012 Ralph Sampson
16%
1993 Dan Issel
15%
1997 Denise Curry
15%
1983 Dave DeBusschere
14%
2016 Sheryl Swoopes
14%
1976 Bill Sharman
13%
1993 Walt Bellamy
13%
2014 Mitch Richmond
12%
2012 Chet Walker
11%
2012 Jamaal Wilkes
11%
2011 Arvydas Sabonis
10%
1993 Calvin Murphy
10%
1960 Charles Murphy
10%
1992 Connie Hawkins
10%
2002 Dražen Petrović
10%
1978 Joe Fulks
10%
2013 Dawn Staley
8%
1990 Neil Johnston
8%
1974 Ernest Schmidt
7%
1982 Slater Martin
7%
1993 Ann Meyers
6%
2014 Guy Rodgers
6%
1983 Jack Twyman
6%
1960 John Wooden
6%
2013 Oscar Schmidt
6%
2015 Spencer Haywood
6%
1995 Vern Mikkelsen
6%
1970 Bob Davies
5%
1960 Ed Macauley
5%
1982 Frank Ramsey
5%
1996 George Yardley
5%
2004 Maurice Stokes
5%
1961 Andy Phillip
4%
1997 Bailey Howell
4%
1988 Clyde Lovellette
4%
1978 Jim Pollard
4%
2012 Mel Daniels
4%
1996 Nancy Lieberman
4%
2013 Richie Guerin
4%
2016 Zelmo Beaty
4%
1995 Anne Donovan
3%
1998 Arnie Risen
3%
1978 Cliff Hagan
3%
1993 Dick McGuire
3%
2011 Goose Tatum
3%
1996 Krešimir Ćosić
3%
2015 Louie Dampier
3%
1998 Marques Haynes
3%
2011 Teresa Edwards
3%
1976 Tom Gola
3%
1985 Al Cervi
2%
1960 Branch McCracken
2%
1964 Bud Foster
2%
1959 Chuck Hyatt
2%
2016 Cumberland Posey
2%
2003 Dino Meneghin
2%
1976 Ed Krause
2%
1961 Ed Wachter
2%
1991 Harry Gallatin
2%
1962 Jack McCracken
2%
1997 Joan Crawford
2%
1966 Joe Lapchick
2%
1973 John Beckman
2%
2012 Katrina McClain
2%
1992 Lusia Harris-Stewart
2%
2004 Lynette Woodard
2%
1964 Nat Holman
2%
2014 Šarūnas Marčiulionis
2%
1992 Sergei Belov
2%
1962 Barney Sedran
1%
1961 Bennie Borgmann
1%
1988 Bobby McDermott
1%
1987 Bobby Wanzer
1%
1987 Bob Houbregs
1%
1961 Bob Kurland
1%
1994 Carol Blazejowski
1%
1961 Chris Steinmetz
1%
2010 Cynthia Cooper-Dyke
1%
2004 Dražen Dalipagić
1%
1969 Dutch Dehnert
1%
1961 Forrest DeBernardi
1%
1959 Hank Luisetti
1%
2005 Hortencia de Fatima Marcari
1%
1975 Joe Brennan
1%
2015 John Isaacs
1%
1961 John Roosma
1%
1959 John Schommer
1%
1977 Lauren Gale
1%
1972 Marty Friedman
1%
1962 Pat Page
1%
1972 Paul Endacott
1%
1963 Robert Gruenig
1%
1975 Robert Vandivier
1%
1981 Tom Barlow
1%
1993 Uļjana Semjonova
1%
1960 Vic Hanson
1%
1989 William Gates
1%
1994 Jeannette
0%
2010 Ubiratan Pereira Maciel
0%
No matching quizzes found
Score Distribution
Percent of People with Each Score
Percentile by Number Answered
Your Score History
You have not taken this quiz